[Event "I. liga - 1. sach."]
[Site "CR"]
[Date "2010.??.??"]
[Round "?"]
[White "Binas, Jindrich"]
[Black "Mezera, Lukas"]
[Result "0-1"]
[WhiteElo "2237"]
[BlackElo "2209"]
[PlyCount "62"]
[EventDate "2010.??.??"]
[SourceDate "2002.06.29"]

1. e4 e5 2. Nf3 Nc6 3. Bb5 a6 4. Ba4 Nf6 5. O-O Be7 6. Re1 b5 7. Bb3 d6 8. c3
O-O 9. h3 Bb7 10. d4 Re8 11. Nbd2 Bf8 12. a4 h6 13. Bc2 exd4 14. cxd4 Nb4 15.
Bb1 c5 16. d5 Nd7 17. Ra3 f5 18. g4 fxg4 19. hxg4 c4 20. Ree3 Qf6 21. Ne1 Nc5
22. Rh3 g6 23. Rae3 Bc8 24. Rhg3 Bg7 25. b3 c3 26. Rxc3 bxa4 27. Rce3 Bd7 28.
Nc4 Rf8 29. Nf3 axb3 30. Qe1 Qa1 31. Ba3 a5 0-1

[Event "I. liga - 1. sach."]
[Site "CR"]
[Date "2010.??.??"]
[Round "?"]
[White "Mateka, Petr"]
[Black "Mezera, Lukas"]
[Result "1/2-1/2"]
[WhiteElo "2342"]
[BlackElo "2209"]
[PlyCount "57"]
[EventDate "2010.??.??"]
[SourceDate "2002.06.29"]

1. e4 e5 2. Nf3 Nf6 3. Nxe5 d6 4. Nf3 Nxe4 5. d4 d5 6. Bd3 Nc6 7. O-O Be7 8. c4
Nb4 9. cxd5 Nxd3 10. Qxd3 Qxd5 11. Re1 Bf5 12. g4 Bg6 13. Nc3 Nxc3 14. Qxc3 f6
15. Nh4 Kf7 16. Qxc7 Rhe8 17. Nxg6 hxg6 18. Bf4 Rad8 19. Rad1 Rd7 20. Qc3 g5
21. Bg3 Bd8 22. Rxe8 Kxe8 23. Qb3 Qxb3 24. axb3 Bb6 25. d5 Re7 26. Kf1 Kd7 27.
Rd3 Bc5 28. f3 Bd6 29. Bf2 1/2-1/2

[Event "I. liga - 1. sach."]
[Site "CR"]
[Date "2010.??.??"]
[Round "?"]
[White "Mezera, Lukas"]
[Black "Brichacek, Milan"]
[Result "1-0"]
[WhiteElo "2209"]
[BlackElo "2085"]
[PlyCount "73"]
[EventDate "2010.??.??"]
[SourceDate "2002.06.29"]

1. e4 c5 2. Nf3 e6 3. d4 cxd4 4. Nxd4 Nc6 5. Nc3 Qc7 6. Be3 a6 7. Qd2 Nf6 8.
O-O-O Bb4 9. f3 Nxd4 10. Qxd4 Bxc3 11. bxc3 O-O 12. Qc5 Qb8 13. c4 Ne8 14. Qb6
f5 15. exf5 Rxf5 16. Bd3 Rf8 17. h4 Qe5 18. h5 Qa1+ 19. Kd2 Qf6 20. f4 d6 21.
g4 Qe7 22. c5 d5 23. g5 d4 24. Bxd4 Rxf4 25. Be3 Rf3 26. Rdf1 Rxe3 27. Kxe3
Qxg5+ 28. Ke2 Qe5+ 29. Kd1 Qa1+ 30. Kd2 Qd4 31. h6 Nf6 32. Qc7 Ne4+ 33. Kd1 Bd7
34. hxg7 Nf6 35. Rxf6 Qa1+ 36. Ke2 Qxh1 37. Qxd7 1-0

[Event "I. liga - 1. sach."]
[Site "CR"]
[Date "2010.??.??"]
[Round "?"]
[White "Mezera, Lukas"]
[Black "Canibal, Jaromir"]
[Result "1-0"]
[WhiteElo "2209"]
[BlackElo "2243"]
[PlyCount "67"]
[EventDate "2010.??.??"]
[SourceDate "2002.06.29"]

1. d4 g6 2. e4 Bg7 3. Nc3 d6 4. f4 Nf6 5. Nf3 O-O 6. Bd3 Nc6 7. e5 Nd7 8. O-O
Nb6 9. a3 Bg4 10. Be3 d5 11. h3 Bxf3 12. Qxf3 e6 13. b3 a6 14. Ne2 a5 15. c4 f6
16. Qg4 f5 17. Qf3 Re8 18. Rfd1 Ne7 19. Nc3 c6 20. Bf2 Qc7 21. Bh4 Nec8 22.
Rac1 Qf7 23. Rb1 Ne7 24. c5 Nd7 25. Qf2 Reb8 26. b4 axb4 27. axb4 b6 28. cxb6
Nxb6 29. b5 cxb5 30. Nxb5 Nec8 31. Rdc1 Nc4 32. Bxc4 dxc4 33. Rxc4 Ne7 34. Rc7
1-0

[Event "I. liga - 1. sach."]
[Site "CR"]
[Date "2010.??.??"]
[Round "?"]
[White "Mezera, Lukas"]
[Black "Lounek, Jan"]
[Result "1/2-1/2"]
[WhiteElo "2209"]
[BlackElo "2406"]
[PlyCount "53"]
[EventDate "2010.??.??"]
[SourceDate "2002.06.29"]

1. e4 e5 2. Nf3 Nc6 3. Bb5 a6 4. Ba4 Nf6 5. O-O Be7 6. Re1 b5 7. Bb3 O-O 8. c3
d6 9. h3 Bb7 10. d4 Re8 11. Nbd2 Bf8 12. a4 h6 13. Bc2 exd4 14. cxd4 Nb4 15.
Bb1 c5 16. d5 Nd7 17. Ra3 c4 18. axb5 axb5 19. Nd4 Qb6 20. Nf5 Ne5 21. Rg3 g6
22. Nf3 Ned3 23. Qd2 Nxe1 24. Nxe1 Ra1 25. Nxh6+ Bxh6 26. Qxh6 Nxd5 27. Rxg6+
1/2-1/2

[Event "I. liga - 1. sach."]
[Site "CR"]
[Date "2010.??.??"]
[Round "?"]
[White "Mezera, Lukas"]
[Black "Nyvlt, Zdenek"]
[Result "1/2-1/2"]
[WhiteElo "2209"]
[BlackElo "2302"]
[PlyCount "53"]
[EventDate "2010.??.??"]
[SourceDate "2002.06.29"]

1. Nf3 Nf6 2. c4 e6 3. Nc3 Bb4 4. Qc2 c5 5. a3 Ba5 6. g3 Nc6 7. Bg2 O-O 8. O-O
d6 9. d3 h6 10. e3 e5 11. Nd2 Bxc3 12. Qxc3 a5 13. b3 Be6 14. Bb2 Qd7 15. f4
Rfd8 16. Ne4 Nxe4 17. dxe4 f6 18. f5 Bf7 19. a4 Bh5 20. Qd2 Nb4 21. Bc3 b6 22.
h3 Kf8 23. g4 Be8 24. Bf3 Qf7 25. Qg2 Bc6 26. h4 Ke7 27. Rad1 1/2-1/2

[Event "I. liga - 1. sach."]
[Site "CR"]
[Date "2010.??.??"]
[Round "?"]
[White "Mezera, Lukas"]
[Black "Pirhala, Ladislav"]
[Result "1/2-1/2"]
[WhiteElo "2209"]
[BlackElo "2239"]
[PlyCount "77"]
[EventDate "2010.??.??"]
[SourceDate "2002.06.29"]

1. Nf3 Nf6 2. c4 g6 3. Nc3 Bg7 4. e4 d6 5. d4 O-O 6. Be2 e5 7. O-O exd4 8. Nxd4
Nc6 9. Be3 Re8 10. f3 Nh5 11. Qd2 Nf4 12. Rfd1 Nxd4 13. Bxd4 Qg5 14. Bf1 Nh3+
15. Kh1 Qxd2 16. Rxd2 Nf4 17. Nd5 Nxd5 18. cxd5 Bd7 19. Bxg7 Kxg7 20. Rc1 Rac8
21. Kg1 Re7 22. Rdc2 c5 23. dxc6 Rxc6 24. Rxc6 Bxc6 25. Rd1 Rd7 26. Bc4 Kf8 27.
Kf2 Rc7 28. Bb3 Ke7 29. Rc1 Rd7 30. Ke3 d5 31. e5 f6 32. Kd4 fxe5+ 33. Kxe5 Kd8
34. Kd4 Re7 35. Rc2 Re1 36. Rd2 Re7 37. g3 Kc7 38. Bc2 Kd6 39. a3 1/2-1/2

[Event "I. liga - 1. sach."]
[Site "CR"]
[Date "2010.??.??"]
[Round "?"]
[White "Sojka, Vaclav"]
[Black "Mezera, Lukas"]
[Result "1/2-1/2"]
[WhiteElo "2214"]
[BlackElo "2209"]
[PlyCount "42"]
[EventDate "2010.??.??"]
[SourceDate "2002.06.29"]

1. d4 Nf6 2. c4 c5 3. d5 e6 4. Nf3 b5 5. Bg5 exd5 6. cxd5 d6 7. e4 a6 8. a4 Be7
9. Bd3 O-O 10. O-O Nxd5 11. exd5 Bxg5 12. Nxg5 Qxg5 13. axb5 Bb7 14. Nc3 axb5
15. Rxa8 Bxa8 16. Bxb5 Bb7 17. Re1 Na6 18. Bc6 Bc8 19. Re3 Nb4 20. h3 h6 21.
Rg3 Qe5 1/2-1/2

[Event "I. liga - 1. sach."]
[Site "CR"]
[Date "2010.??.??"]
[Round "?"]
[White "Valak, Alois"]
[Black "Mezera, Lukas"]
[Result "1/2-1/2"]
[WhiteElo "2432"]
[BlackElo "2279"]
[PlyCount "75"]
[EventDate "2010.??.??"]
[SourceDate "2002.06.29"]

1. e4 e5 2. Nf3 Nf6 3. Nxe5 d6 4. Nf3 Nxe4 5. d4 d5 6. Bd3 Nc6 7. O-O Be7 8. c4
Nb4 9. Be2 O-O 10. Nc3 Bf5 11. a3 Nxc3 12. bxc3 Nc6 13. Re1 Re8 14. cxd5 Qxd5
15. Bf4 Rac8 16. h3 Be4 17. Qa4 a6 18. Bg3 Qa5 19. Qb3 Bd5 20. Bc4 Bxc4 21.
Qxc4 Bd6 22. Rab1 Rxe1+ 23. Rxe1 h6 24. a4 Qf5 25. Nh4 Qg5 26. Qd3 Bxg3 27.
fxg3 g6 28. Kh2 Kg7 29. Nf3 Qf6 30. Nd2 Nb8 31. Rb1 b6 32. Rf1 Qe7 33. Nf3 Rf8
34. Re1 Qd6 35. Ne5 a5 36. Qb5 Rd8 37. Qc4 Rf8 38. d5 1/2-1/2

[Event "I. liga - 2. sach."]
[Site "CR"]
[Date "2010.??.??"]
[Round "?"]
[White "Pecka, Josef"]
[Black "Koukal, Vladimir"]
[Result "1-0"]
[WhiteElo "2252"]
[BlackElo "2236"]
[PlyCount "53"]
[EventDate "2010.??.??"]
[SourceDate "2002.06.29"]

1. e4 e5 2. f4 exf4 3. Bc4 Nf6 4. Nc3 c6 5. Bb3 d5 6. exd5 cxd5 7. d4 Bb4 8.
Bxf4 O-O 9. Nf3 Qe7+ 10. Be5 Nc6 11. O-O Bxc3 12. bxc3 Nxe5 13. dxe5 Ng4 14.
Qd4 Be6 15. h3 Nh6 16. g4 Rac8 17. Qxa7 Rxc3 18. Rad1 Qc7 19. Qd4 Kh8 20. Ng5
Rc8 21. Rd3 Rc5 22. Rdf3 Qe7 23. Qf4 b5 24. Qd2 R5c6 25. R1f2 b4 26. Rd3 Qxg5
27. Qxg5 1-0

[Event "I. liga - 2. sach."]
[Site "CR"]
[Date "2010.??.??"]
[Round "?"]
[White "Schwarz, Jan"]
[Black "Pecka, Josef"]
[Result "1/2-1/2"]
[WhiteElo "2255"]
[BlackElo "2252"]
[PlyCount "60"]
[EventDate "2010.??.??"]
[SourceDate "2002.06.29"]

1. e4 c5 2. Nf3 Nc6 3. d4 cxd4 4. Nxd4 Nf6 5. Nc3 e5 6. Ndb5 d6 7. Bg5 a6 8.
Na3 b5 9. Nd5 Be7 10. Bxf6 Bxf6 11. c3 O-O 12. Nc2 Bg5 13. a4 bxa4 14. Rxa4 a5
15. Bb5 Ne7 16. Nxe7+ Qxe7 17. Nb4 Bh3 18. Bc6 Rac8 19. Rxa5 Bxg2 20. Rg1 Bh3
21. Qh5 Bh4 22. Nd5 Qd8 23. Qh6 g6 24. Ra6 Be6 25. Ke2 Rb8 26. b4 Qc8 27. b5
Bxd5 28. exd5 Bd8 29. Rg3 Qf5 30. Rh3 Qg4+ 1/2-1/2

[Event "I. liga - 2. sach."]
[Site "CR"]
[Date "2010.??.??"]
[Round "?"]
[White "Hostinsky, Jiri"]
[Black "Pecka, Josef"]
[Result "0-1"]
[WhiteElo "2381"]
[BlackElo "2252"]
[PlyCount "39"]
[EventDate "2010.??.??"]
[SourceDate "2002.06.29"]

1. e4 e6 2. d4 d5 3. Nc3 Nf6 4. Bg5 Be7 5. e5 Nfd7 6. Bxe7 Qxe7 7. f4 O-O 8.
Nf3 c5 9. dxc5 Nc6 10. Qd2 Nxc5 11. O-O-O a6 12. Bd3 b5 13. Ne2 b4 14. Qe3
Nxd3+ 15. Qxd3 a5 16. Ng5 f5 17. exf6 gxf6 18. Nf3 a4 19. Ned4 Nxd4 20. Nxd4
0-1

[Event "I. liga - 2. sach."]
[Site "CR"]
[Date "2010.??.??"]
[Round "?"]
[White "Kudr, Roman"]
[Black "Pecka, Josef"]
[Result "0-1"]
[WhiteElo "2208"]
[BlackElo "2252"]
[PlyCount "54"]
[EventDate "2010.??.??"]
[SourceDate "2002.06.29"]

1. d4 Nf6 2. c4 g6 3. Nc3 Bg7 4. e4 d6 5. Nf3 O-O 6. Be2 e5 7. dxe5 dxe5 8. Bg5
Nbd7 9. Qc2 c6 10. O-O Qe7 11. h3 Nc5 12. Rfd1 Ne6 13. Be3 Nd7 14. a3 f5 15.
exf5 gxf5 16. Bf1 e4 17. Nd4 Ndc5 18. Nxe6 Nxe6 19. Ne2 f4 20. Bd2 e3 21. fxe3
f3 22. gxf3 Ng5 23. f4 Nxh3+ 24. Bxh3 Bxh3 25. Ng3 Rae8 26. Qb3 Qh4 27. Be1
Rxf4 0-1

[Event "I. liga - 2. sach."]
[Site "CR"]
[Date "2010.??.??"]
[Round "?"]
[White "Strnad, Jiri"]
[Black "Pecka, Josef"]
[Result "1/2-1/2"]
[WhiteElo "2231"]
[BlackElo "2252"]
[PlyCount "49"]
[EventDate "2010.??.??"]
[SourceDate "2002.06.29"]

1. d4 Nf6 2. c4 g6 3. Nc3 Bg7 4. e4 d6 5. Nf3 O-O 6. Be2 e5 7. O-O Nc6 8. d5
Ne7 9. Ne1 Nd7 10. f3 f5 11. Bg5 h6 12. Be3 b6 13. a3 a5 14. Nd3 Ba6 15. Qd2
Kh7 16. b3 a4 17. Nxa4 Bxc4 18. Qc2 Ba6 19. Nc3 c6 20. Nb4 cxd5 21. Nbxd5 Nxd5
22. Nxd5 Bb7 23. Rfd1 Rc8 24. Qb1 fxe4 25. fxe4 1/2-1/2

[Event "I. liga - 2. sach."]
[Site "CR"]
[Date "2010.??.??"]
[Round "?"]
[White "Pecka, Josef"]
[Black "Dedina, Miroslav"]
[Result "1/2-1/2"]
[WhiteElo "2252"]
[BlackElo "2238"]
[PlyCount "67"]
[EventDate "2010.??.??"]
[SourceDate "2002.06.29"]

1. e4 e5 2. Nf3 Nc6 3. Bc4 Nf6 4. Ng5 d5 5. exd5 Na5 6. Bb5+ c6 7. dxc6 bxc6 8.
Qf3 Qc7 9. Bd3 h6 10. Ne4 Nd5 11. O-O f5 12. Nec3 Nf4 13. Re1 Nxd3 14. Qxd3 Bd6
15. b3 e4 16. Ba3 Bxa3 17. Nxa3 O-O 18. Qd4 Rd8 19. Qc5 Qb6 20. Na4 Qxc5 21.
Nxc5 Nb7 22. Nxb7 Bxb7 23. Rad1 Rd4 24. f3 exf3 25. Re7 Rb8 26. d3 fxg2 27.
Rde1 c5 28. Nb5 Rdd8 29. Nc7 Rd6 30. Ne6 g5 31. Nxc5 Bc6 32. Rxa7 f4 33. Ree7
f3 34. Rg7+ 1/2-1/2

[Event "I. liga - 2. sach."]
[Site "CR"]
[Date "2010.??.??"]
[Round "?"]
[White "Pecka, Josef"]
[Black "Paulik, Vaclav"]
[Result "1-0"]
[WhiteElo "2252"]
[BlackElo "2184"]
[PlyCount "103"]
[EventDate "2010.??.??"]
[SourceDate "2002.06.29"]

1. e4 c5 2. Nf3 Nc6 3. d4 cxd4 4. Nxd4 e5 5. Nb5 a6 6. Nd6+ Bxd6 7. Qxd6 Qf6 8.
Qd1 Qg6 9. Nc3 Nge7 10. h4 h5 11. Bg5 d5 12. exd5 Nb4 13. Bxe7 Kxe7 14. Bd3
Nxd3+ 15. Qxd3 Qxd3 16. cxd3 b5 17. Kd2 Bb7 18. Rhe1 Kd6 19. f4 exf4 20. Re4
Rad8 21. Rxf4 f6 22. a4 Bxd5 23. axb5 axb5 24. Nxb5+ Ke7 25. g3 Rd7 26. b4 Rb8
27. Nd4 Rb6 28. Nf5+ Ke6 29. Ne3 g5 30. Re1 gxf4 31. Nc4+ Kf5 32. Nxb6 Rd6 33.
Nxd5 Rxd5 34. Rf1 Kg4 35. Rxf4+ Kxg3 36. Rxf6 Rd4 37. b5 Rxh4 38. Rg6+ Kf3 39.
Rh6 Rh1 40. Kc2 Rh2+ 41. Kc3 Rh1 42. d4 Kg4 43. d5 Rb1 44. Kc4 Rc1+ 45. Kd4
Rd1+ 46. Kc5 Rc1+ 47. Kb6 Rd1 48. Rg6+ Kf4 49. Rd6 h4 50. Kc6 Rc1+ 51. Kb7 Rc3
52. b6 1-0

[Event "I. liga - 2. sach."]
[Site "CR"]
[Date "2010.??.??"]
[Round "?"]
[White "Pecka, Josef"]
[Black "Mikoska, Josef"]
[Result "1-0"]
[WhiteElo "2252"]
[BlackElo "2242"]
[PlyCount "113"]
[EventDate "2010.??.??"]
[SourceDate "2002.06.29"]

1. e4 e5 2. Nf3 Nc6 3. Bc4 Bc5 4. c3 Nf6 5. b4 Bb6 6. d3 d6 7. a4 a5 8. b5 Ne7
9. O-O Ng6 10. Nbd2 O-O 11. Bb3 d5 12. exd5 Nxd5 13. Ne4 Bg4 14. h3 Bf5 15. Bc4
Qd7 16. Ng3 Be6 17. Ng5 Rad8 18. Qf3 Bc5 19. Bd2 Be7 20. Nxe6 fxe6 21. Qe4 Kh8
22. Rad1 Qd6 23. Qg4 Ndf4 24. Ne4 Qd7 25. Rb1 Nxd3 26. g3 Nc5 27. Be3 Nxe4 28.
Qxe4 b6 29. h4 Bd6 30. Bd3 Rf5 31. Rbd1 Nf8 32. Bc2 Rb8 33. Rd2 Rf7 34. h5 h6
35. Rfd1 Qe7 36. Qc6 Qd8 37. c4 Rd7 38. Rd3 Qe7 39. c5 bxc5 40. Bd2 c4 41. Qxc4
Nh7 42. Bc3 Nf6 43. Bxa5 Qf7 44. Rf3 Qxh5 45. Kg2 Re7 46. Bc3 Kg8 47. Re1 Qg5
48. Bf5 Kh8 49. Bxe6 Rbe8 50. Bf7 Rd8 51. a5 e4 52. Rxf6 gxf6 53. Rxe4 Rxe4 54.
Qxe4 Be5 55. Bb4 Kg7 56. Bb3 Qg6 57. Qc4 1-0

[Event "I. liga - 2. sach."]
[Site "CR"]
[Date "2010.??.??"]
[Round "?"]
[White "Pecka, Josef"]
[Black "Nedoma, Petr"]
[Result "1/2-1/2"]
[WhiteElo "2252"]
[BlackElo "2285"]
[PlyCount "79"]
[EventDate "2010.??.??"]
[SourceDate "2002.06.29"]

1. e4 c5 2. Nf3 Nc6 3. d4 cxd4 4. Nxd4 Nf6 5. Nc3 e5 6. Ndb5 d6 7. Nd5 Nxd5 8.
exd5 Nb8 9. c4 a6 10. Qa4 Nd7 11. c5 dxc5 12. d6 axb5 13. Qxa8 c4 14. Bg5 f6
15. Be3 Bxd6 16. O-O-O Ke7 17. Rxd6 Kxd6 18. Qa3+ Ke6 19. Qb4 e4 20. Qxb5 Ne5
21. Bxc4+ Nxc4 22. Rd1 Qc7 23. Qd5+ Ke7 24. Bc5+ Ke8 25. Qxc4 b6 26. Qb5+ Kf7
27. Qxb6 Qxh2 28. Rd8 Rxd8 29. Qxd8 Qf4+ 30. Kc2 Bg4 31. Qf8+ Kg6 32. Qe8+ Kf5
33. Qf7 Qe5 34. b4 h5 35. a4 Qa1 36. Qd5+ Kg6 37. a5 h4 38. Qc4 Qd1+ 39. Kb2
Kf5 40. Qc2 1/2-1/2

[Event "I. liga - 2. sach."]
[Site "CR"]
[Date "2010.??.??"]
[Round "?"]
[White "Pecka, Josef"]
[Black "Kuta, Miroslav"]
[Result "1/2-1/2"]
[WhiteElo "2252"]
[BlackElo "2285"]
[PlyCount "93"]
[EventDate "2010.??.??"]
[SourceDate "2002.06.29"]

1. e4 e5 2. Nf3 Nf6 3. Bc4 Nxe4 4. d3 Nf6 5. Nxe5 d5 6. Bb3 Bd6 7. Bf4 O-O 8.
O-O c6 9. d4 Qc7 10. c4 dxc4 11. Bxc4 Bf5 12. Re1 Nbd7 13. Qf3 Rae8 14. Nd2 Nb6
15. Bg3 Be6 16. Bxe6 Rxe6 17. Re2 Rfe8 18. Rae1 Qd8 19. Ne4 Bxe5 20. dxe5 Nxe4
21. Rxe4 Qd5 22. Qa3 a6 23. f4 f5 24. R4e2 Qb5 25. Qf3 Nd5 26. a3 a5 27. Bf2 a4
28. h3 Qc4 29. g3 Nf6 30. Rd1 b5 31. Rd4 Qc1+ 32. Kg2 Qb1 33. Qd3 Qxd3 34. Rxd3
g5 35. fxg5 Ne4 36. h4 Rxe5 37. Rc2 c5 38. Rd7 c4 39. Re2 Nxf2 40. Rxe5 Rxe5
41. Kxf2 b4 42. axb4 Rb5 43. Ke3 Rxb4 44. Ra7 h6 45. gxh6 f4+ 46. gxf4 Rxb2 47.
Rxa4 1/2-1/2

[Event "I. liga - 2. sach."]
[Site "CR"]
[Date "2010.??.??"]
[Round "?"]
[White "Trs, Jan"]
[Black "Pecka, Josef"]
[Result "1/2-1/2"]
[WhiteElo "2162"]
[BlackElo "2252"]
[PlyCount "94"]
[EventDate "2010.??.??"]
[SourceDate "2002.06.29"]

1. d4 Nf6 2. c4 g6 3. Nc3 Bg7 4. e4 d6 5. Nf3 O-O 6. Be2 e5 7. O-O exd4 8. Nxd4
Re8 9. f3 Nc6 10. Be3 Nh5 11. Qd2 Nf4 12. Rfd1 Nxd4 13. Bxd4 Bxd4+ 14. Qxd4 a5
15. Qd2 Ne6 16. f4 Bd7 17. Bf3 Bc6 18. Rac1 Qf6 19. g3 Ng5 20. fxg5 Qxf3 21.
Rf1 Qg4 22. Nd5 Bxd5 23. Qxd5 Re7 24. Rf4 Qe2 25. Rcf1 c6 26. Qd4 Rae8 27. R1f2
Qe1+ 28. Kg2 Rxe4 29. Qxd6 Rxf4 30. Qxf4 Qe4+ 31. Qxe4 Rxe4 32. b3 a4 33. Kf3
Rd4 34. Rb2 a3 35. Re2 Kg7 36. Rf2 c5 37. Re2 Rd1 38. Kf4 h6 39. h4 Rb1 40. Ke4
Rb2 41. Kd3 hxg5 42. hxg5 Rxe2 43. Kxe2 f5 44. Ke3 Kf7 45. Kf3 Ke6 46. Kf4 Kd6
47. Kf3 Ke5 1/2-1/2

[Event "I. liga - 2. sach."]
[Site "CR"]
[Date "2010.??.??"]
[Round "?"]
[White "Cerveny, Libor"]
[Black "Pecka, Josef"]
[Result "1-0"]
[WhiteElo "2050"]
[BlackElo "2252"]
[PlyCount "89"]
[EventDate "2010.??.??"]
[SourceDate "2002.06.29"]

1. e4 e6 2. d4 d5 3. Nd2 Nf6 4. e5 Nfd7 5. Bd3 c5 6. c3 Nc6 7. Ne2 cxd4 8. cxd4
f6 9. Nf4 Nxd4 10. Qh5+ Ke7 11. exf6+ Nxf6 12. Ng6+ Kf7 13. Ne5+ Ke7 14. Qh4
Nc6 15. Ndf3 Nxe5 16. Nxe5 Ke8 17. Bg6+ hxg6 18. Qxh8 Qd6 19. Nxg6 Qb4+ 20. Kf1
Bd7 21. Bh6 gxh6 22. Qxf6 Rc8 23. g3 d4 24. Re1 Be7 25. Nxe7 Qxe7 26. Qxd4 Bc6
27. Rg1 Bd5 28. g4 Rc4 29. Qh8+ Qf8 30. Qxf8+ Kxf8 31. a3 Kg7 32. Rg3 Rc2 33.
b4 Kf6 34. h3 Kg5 35. h4+ Kf6 36. Rd1 b6 37. Ke1 Rc4 38. Rdd3 Rc1+ 39. Ke2 Rh1
40. g5+ hxg5 41. hxg5+ Kg6 42. Rd4 Ra1 43. f4 Ra2+ 44. Ke1 Rh2 45. f5+ 1-0

[Event "I. liga - 3. sach."]
[Site "CR"]
[Date "2010.??.??"]
[Round "?"]
[White "Hrdy, Roman"]
[Black "Glaser, Karel"]
[Result "1-0"]
[WhiteElo "2288"]
[BlackElo "2218"]
[PlyCount "47"]
[EventDate "2010.??.??"]
[SourceDate "2002.06.29"]

1. d4 Nf6 2. Bg5 e6 3. e3 c5 4. c3 h6 5. Bh4 d5 6. Nf3 Nc6 7. Bd3 Qb6 8. Qc2
cxd4 9. exd4 Bd7 10. O-O Rc8 11. Qb3 Nh5 12. Bg3 Be7 13. Re1 Nxg3 14. hxg3 O-O
15. Nbd2 Qc7 16. Rac1 Rfe8 17. Nf1 Na5 18. Qc2 Nc4 19. a4 Qb6 20. b3 Na5 21.
N1d2 Ba3 22. Ne5 Bxc1 23. Bh7+ Kf8 24. Nxd7+ 1-0

[Event "I. liga - 3. sach."]
[Site "CR"]
[Date "2010.??.??"]
[Round "?"]
[White "Hrdy, Roman"]
[Black "Struzka, Vlastimil"]
[Result "0-1"]
[WhiteElo "2288"]
[BlackElo "2187"]
[PlyCount "62"]
[EventDate "2010.??.??"]
[SourceDate "2002.06.29"]

1. d4 Nf6 2. Bg5 d5 3. e3 Ne4 4. Bf4 Nc6 5. Bd3 g5 6. Bg3 h5 7. Bxe4 dxe4 8. h4
gxh4 9. Rxh4 Bg4 10. f3 exf3 11. gxf3 Bf5 12. d5 Bg7 13. Nc3 Ne5 14. Qe2 Qd6
15. O-O-O O-O-O 16. Kb1 Qg6 17. Bh2 Qb6 18. Na4 Qa5 19. Nc3 Rh6 20. Rf4 Rb6 21.
Kc1 a6 22. Rdd4 Bg6 23. Nh3 Rdd6 24. a3 Rxb2 25. Kxb2 Nxf3 26. Qxf3 Rb6+ 27.
Rb4 Bxc3+ 28. Kxc3 Qxa3+ 29. Kd2 Rxb4 30. Nf2 Qa5 31. Qe2 Rd4+ 0-1

[Event "I. liga - 3. sach."]
[Site "CR"]
[Date "2010.??.??"]
[Round "?"]
[White "Gubas, Jan"]
[Black "Hrdy, Roman"]
[Result "1/2-1/2"]
[WhiteElo "2326"]
[BlackElo "2288"]
[PlyCount "91"]
[EventDate "2010.??.??"]
[SourceDate "2002.06.29"]

1. e4 c5 2. Nf3 d6 3. Bc4 Nf6 4. Nc3 Nc6 5. d4 cxd4 6. Nxd4 e6 7. Be3 Be7 8.
O-O O-O 9. Kh1 a6 10. a3 Nxd4 11. Bxd4 b5 12. Bb3 Bb7 13. Qd3 Rc8 14. Rad1 Qc7
15. f4 Qb8 16. Rde1 Rfd8 17. Qg3 Ba8 18. e5 dxe5 19. Bxe5 Qa7 20. f5 Rd2 21.
Ne4 Bxe4 22. Rxe4 exf5 23. Ree1 Qd7 24. Bc3 Rd6 25. Qe5 Re8 26. Qxf5 Bd8 27.
Qf3 Rxe1 28. Rxe1 h6 29. Bb4 Rd4 30. Bc5 Rd2 31. Be3 Rd6 32. h3 Bb6 33. Bf4 Rc6
34. a4 Bc7 35. axb5 axb5 36. Be3 Bb8 37. c3 Rc8 38. Bd4 Re8 39. Rxe8+ Qxe8 40.
Qe3 Qd7 41. Bc2 b4 42. Kg1 bxc3 43. bxc3 Nh7 44. Bc5 Ng5 45. Qe7 Qc8 46. Bf2
1/2-1/2

[Event "I. liga - 3. sach."]
[Site "CR"]
[Date "2010.??.??"]
[Round "?"]
[White "Ertl, Lubos"]
[Black "Hrdy, Roman"]
[Result "1/2-1/2"]
[WhiteElo "2149"]
[BlackElo "2288"]
[PlyCount "66"]
[EventDate "2010.??.??"]
[SourceDate "2002.06.29"]

1. e4 c5 2. Nf3 d6 3. d4 cxd4 4. Nxd4 Nf6 5. Nc3 a6 6. Be3 e5 7. Nb3 Be6 8. f3
h5 9. Nd5 Bxd5 10. exd5 Nbd7 11. Qd2 Qc7 12. c4 Be7 13. Bd3 h4 14. O-O a5 15.
a4 Kf8 16. Qc2 g6 17. Rae1 Kg7 18. h3 Nh5 19. f4 exf4 20. Bxf4 Bf6 21. Bd2 b6
22. Bc3 Bxc3 23. Qxc3+ Ne5 24. Nd4 Qc5 25. b3 Ng3 26. Rf4 Rae8 27. Re3 g5 28.
Rf2 Rh6 29. Nf5+ Nxf5 30. Bxf5 Re7 31. Kh1 Rh8 32. Bb1 f6 33. Qd2 Rf7 1/2-1/2

[Event "I. liga - 3. sach."]
[Site "CR"]
[Date "2010.??.??"]
[Round "?"]
[White "Hrdy, Roman"]
[Black "Nigrin, Jiri"]
[Result "1-0"]
[WhiteElo "2228"]
[BlackElo "2124"]
[PlyCount "99"]
[EventDate "2010.??.??"]
[SourceDate "2002.06.29"]

1. d4 Nf6 2. Bg5 Ne4 3. Bf4 c5 4. f3 Qa5+ 5. c3 Nf6 6. d5 e6 7. e4 exd5 8. exd5
d6 9. Na3 Be7 10. Nc4 Qc7 11. a4 O-O 12. Ne2 Re8 13. Kf2 Nbd7 14. g4 Nf8 15.
Bg3 N6d7 16. Qd2 Ng6 17. h4 Nge5 18. Ne3 Nf6 19. Kg2 Bf8 20. Bf2 Bd7 21. Nf4 h6
22. Be2 Qc8 23. g5 hxg5 24. hxg5 Nh7 25. Rh4 Nxg5 26. Rah1 f6 27. Qc2 Kf7 28.
Bd3 Ngxf3 29. Bg6+ Ke7 30. Rh8 Ng5 31. Bh4 b6 32. Bxg5 fxg5 33. Nf5+ Kd8 34.
Nxg7 gxf4 35. Bxe8 Qb7 36. Rxf8 Qxd5+ 37. Kg1 Ke7 38. Rxf4 Rxe8 39. Nxe8 Qg8+
40. Kf1 Kxe8 41. Qh7 Qxh7 42. Rxh7 Kd8 43. b4 Kc7 44. b5 Kb7 45. Rf6 Kc7 46.
Re6 Nd3 47. Re8 Ne5 48. c4 Nxc4 49. Ra8 Kb7 50. Rd8 1-0

[Event "I. liga - 3. sach."]
[Site "CR"]
[Date "2010.??.??"]
[Round "?"]
[White "Kasik, Miroslav"]
[Black "Hrdy, Roman"]
[Result "0-1"]
[WhiteElo "2123"]
[BlackElo "2288"]
[PlyCount "128"]
[EventDate "2010.??.??"]
[SourceDate "2002.06.29"]

1. e4 c5 2. Nf3 d6 3. d4 cxd4 4. Nxd4 Nf6 5. Nc3 a6 6. Be2 e5 7. Nf3 h6 8. Bc4
Be7 9. O-O O-O 10. Be3 Be6 11. Nd2 Nbd7 12. Qf3 Bxc4 13. Nxc4 b5 14. Nd2 Rc8
15. a3 Qc7 16. Qg3 Kh8 17. Qh3 Qb7 18. Rfd1 Rfd8 19. Rac1 Rc7 20. Bg5 Kg8 21.
Bh4 Rdc8 22. Nf1 Bf8 23. Bxf6 Nxf6 24. Ne3 Nxe4 25. Ncd5 Ng5 26. Qh4 Rc5 27. c3
Ne6 28. Rd3 a5 29. Rcd1 Kh8 30. R3d2 g6 31. Qg4 Rd8 32. Qg3 Bg7 33. Re1 Rd7 34.
Red1 Qb8 35. Qg4 h5 36. Qe2 a4 37. Nb4 Qb6 38. Ned5 Qb7 39. Qe3 Kh7 40. Qd3 f5
41. Re2 Rf7 42. Ree1 h4 43. Kh1 Bh6 44. h3 e4 45. Qc2 Nf4 46. Nxf4 Bxf4 47. Rd4
Kh6 48. Qd1 Be5 49. Rd2 Qe7 50. Nd5 Qg5 51. Re3 Rc4 52. Qe2 Rc5 53. Rd1 Rf8 54.
Qe1 Bg7 55. Qd2 Rd8 56. Kg1 Be5 57. Qc2 Re8 58. Qd2 Kg7 59. Qe2 Kf7 60. Qd2 Re6
61. Qc2 Rxd5 62. Rxd5 Qf4 63. g3 hxg3 64. Rxb5 Qg5 0-1

[Event "I. liga - 3. sach."]
[Site "CR"]
[Date "2010.??.??"]
[Round "?"]
[White "Mudra, Oldrich"]
[Black "Hrdy, Roman"]
[Result "1/2-1/2"]
[WhiteElo "2191"]
[BlackElo "2288"]
[PlyCount "66"]
[EventDate "2010.??.??"]
[SourceDate "2002.06.29"]

1. Nf3 d5 2. d4 Nf6 3. g3 c6 4. Bg2 Bf5 5. O-O h6 6. b3 e6 7. c4 Nbd7 8. Bb2
Be7 9. Nbd2 O-O 10. Rc1 Qb6 11. a3 Rac8 12. Re1 a5 13. e3 Bd3 14. Rc3 Bg6 15.
Qe2 Rfd8 16. h3 c5 17. cxd5 Nxd5 18. Rcc1 a4 19. e4 Nc7 20. Qe3 axb3 21. Nxb3
c4 22. Rxc4 Bxe4 23. Qxe4 Qxb3 24. Qc2 Qxc2 25. Rxc2 Nd5 26. Rxc8 Rxc8 27. Rc1
Ra8 28. Rb1 N7b6 29. Ne5 Bd6 30. Kh2 Ra4 31. h4 Kf8 32. h5 Ke7 33. Kg1 f6
1/2-1/2